00559nam a22001692 4500001001100000005001700011008004100028020002800069040001500097050001700112100003400129245011700163260004000280300001100320650002800331700003000359000000331720151217151922.0070503s xx 000 0 eng d a8472081338 :cKES 3,000 aKABUcKABU 0aHV5801b.E831 aEscandon, Rafael.@000015312610aFree from drugs and additions in the face of AIDS and other enemies of society /cRafael Escandon, Cesar Galvez. aMadrid :bEditorial Safeliz,c2005. a191 p. 0aDrug abuse.@00001531271 aGalvez Cesar.@0000153128